000 00638nam a2200217Ia 4500
005 20250425162424.0
008 250425s9999 xx 000 0 und d
020 _a9588233410
041 _aspa
082 _a630
110 _aFUNDACION HOGARES JUVENILES CAMPESINOS
245 0 _aDESARROLLO ENDOGENO AGROPECUARIO NUEVA BIBLIOTECA DEL CAMPO 1 : MANUAL DE LA GRANJA INTEGRAL AUTOSUFICIENTE
250 _a1A ED.
260 _aBOGOTA
260 _aColombia
_bFUNDACION HOGARES JUVENILES CAMPESINOS
_c2008
300 _a176
650 _aADMINISTRACION AGRICOLA
650 _aGRANJAS INTEGRALES
942 _c01
010 _a72594
999 _c228895
_d228895